000 00397nam a2200145Ia 4500
008 230917s9999||||xx |||||||||||||| ||und||
040 _e126477
_aMAIN
041 _aEnglish
082 _a658.3 S64H
100 _aSingh, Percy K
245 0 _aHRM in hotel and tourism industry: Existing trends and practices
260 _aNew Delhi
_bKanishka Publishers
_c2008
300 _a364 p.
942 _cBK
999 _c152150
_d152150